01545nam a2200241Ia 4500001000600000003000900006008004100015040001300056040001300069041001300082100002000095100002900115245004200144245004200186250001100228260001200239260002900251260004900280300005700329500085600386650003001242650003101272C0552IT-RoPAU130308s9999 xx 000 0 und d aIT-RoPAU cIT-RoPAU aITALIANO aBernardi Sandro gCodice Aut. SPICS: 9276 aIntroduzione alla retorica del cinema bIntroduzione Alla Retorica del Cinema a1a ed. aFIRENZE bCasa Editrice Le Lettere c1994 [1° Ed.:1994 - Ed.Ling.Originale:1994] a"244 p. (prefazione: no ; testo: 244 [pagine: 0-0])" aRetorica del Visibile: Atto del Guardare, Vedere e Guardare, Ejzenstejn rappresentazione e Senso. figure della Narrazione: Pirandello e Il narratore Invisibile, Dialettica dei Punti di Vista. Natura del Cinema: Andre' Bazin e una Filosofia del Cinema, Verso una Filosofia del Cinema, Cinema Come Metalinguaggio, Cinema e Documenti Storici. codici Tecnica e Stile: montaggio Oggi, Storie di Luce, Voci del Cinema, Missaggio. Spazio/Tempo: Jean Epstein e Il Cinema Come Sovversione Dello Spazio e del Tempo, Tempo della Narrazione, Tempo della Visione, fuori Campo, immagine e Inquadratura, Poesia Deltempo Vuoto, Tarkovskij e Godard. immagine Dello Spettatore: infanzia Immortale, varie tipologie di Spettatori, ipotesiPer una Storia della Ricezione, spettatore Come Interprete e Come Soggetto Estetico, Spettatrice. Universale Singolare. Bibliografia. aTEORICHE CINEMATOGRAFICHE eCodice materia Spics: 6805